000 00554nam a2200181Ia 4500
008 090123s9999 xx 000 0 und d
082 _b41187
100 _aफडणीस शकुंतला
245 _aबोलू की नको
250 _a1
260 _bअनुश्री प्रकाशन
_c2007
300 _a92
600 _aफडणीस शकुंतला
630 _aबोलू की नको
700 _aफडणीस शकुंतला
730 _aबोलू की नको
942 _cBOOK
999 _c79262
_d79262